Ideas Leninistas / (Record no. 14136)

000 -CABECERA
fixed length control field 00969nam a22002057a 4500
003 - IDENTIFICADOR DEL NÚMERO DE CONTROL
control field AR-CdUCM
008 - DATOS DE LONGITUD FIJA--INFORMACIÓN GENERAL
fixed length control field 190422b ||||| |||| 00| 0 spa d
040 ## - FUENTE DE LA CATALOGACIÓN
Agencia/entidad que catalogó originalmente la obra MUNICIPALIDAD PROVINCIAL DEL CUSCO
Entidad que transcribió la catalogación BIBLIOTECA MUNICIPAL DEL CUSCO
082 ## - NÚMERO DE LA CLASIFICACIÓN DECIMAL DEWEY
No. de Clasificación 947 /
Notacion interna ID29
245 ## - MENCIÓN DE TÍTULO
Título Ideas Leninistas /
260 ## - PUBLICACIÓN, DISTRIBUCIÓN, ETC.
Lugar de publicación, distribución, etc. Lima :
Nombre de la editorial, distribuidor, etc. Humboldt,
Fecha de publicación, distribución, etc. 1976.
300 ## - DESCRIPCIÓN FÍSICA
Nº de Páginas Extensión 32 paginas ;
Dimensiones 21 cm.
Otros detalles físicos Ilustraciones,
440 ## - MENCIÓN DE SERIE/PUNTO DE ACCESO ADICIONAL--TÍTULO
Título Año VII
Número de la parte/sección de una obra N° 4
9 (RLIN) 32806
505 ## - NOTA DE CONTENIDO CON FORMATO
Nota de contenido formateada Contenido : Discurso de Leonid Brezhnev secretario general del CC del PCUS, pronunciado en la fabrica de automoviles "Lijachov" de Moscu, el dia 30 de abril de 1976 -- Informe del camarada Y. V. Andropov, en el acto solemne de Moscú dedicado al 106° aniversario del natalicio de V.I Lenin -- El XXV congreso de PCUS: desarrollo creador de la teoría por : A Viktorov.
650 ## - PUNTO DE ACCESO ADICIONAL DE MATERIA--TÉRMINO DE MATERIA
Descriptor Procesos políticos
9 (RLIN) 32780
650 ## - PUNTO DE ACCESO ADICIONAL DE MATERIA--TÉRMINO DE MATERIA
Descriptor Varsovia
9 (RLIN) 32781
650 ## - PUNTO DE ACCESO ADICIONAL DE MATERIA--TÉRMINO DE MATERIA
Descriptor Revolución Rusa
9 (RLIN) 1925
942 ## - ELEMENTOS DE PUNTO DE ACCESO ADICIONAL (KOHA)
Fuente de clasificación
Tipo de item Libros-BMC
945 ## - PROCESAMIENTO DE INFORMACIÓN LOCAL (OCLC)
Catalogador wnts
AAAA-MM-DD - Fecha de ingreso o modificacion 2019-04-22
Holdings
Estado de retiro (separado) Fuente de clasificación o esquema de estanterías Estado dañado Ubicación Sala donde se ubica Nombre de la colección Fecha de adquisición o compra Costo, precio normal en soles Signatura topográfica Código de Barras Última vez visto (Koha) Tipo de ítem (Koha)
No     Sala Humanidades Sala Humanidades Book Cart 2019-04-22 20.00 947 / ID29 SH0000010834 2019-04-22 Libros-BMC

Powered by Koha